000 01069nam a2200313 i 4500
001 14116
003 KOSZ 005
005 20200630132829.0
008 061025s1971 pl a f 000 0 pol
015 _aPB 1973/1136
035 _a(OCoLC)838902344
040 _aWA N
_cWA N
_dKOSZ 005/KK
080 _a811.111'355(07)
100 1 _aJassem, Wiktor
_d(1922-2016)
_eAutor
245 1 0 _aPodręcznik wymowy angielskiej /
_cWiktor Jassem.
250 _aWydanie 2 zmienione.
260 _aWarszawa :
_bPaństwowe Wydawnictwo Naukowe,
_c1971.
300 _a544 strony :
_bilustracje, errata ;
_c23 cm.
336 _2rdacontent
_aTekst
_btxt
337 _2rdamedia
_aBez urządzenia pośredniczącego
_bn
338 _2rdacarrier
_aWolumin
_bnc
380 _aKsiążki.
658 _aEdukacja i pedagogika
655 4 _aPodręczniki
650 4 _aJęzyk angielski
710 _aPaństwowe Wydawnictwo Naukowe
_4pbl.
856 4 1 _uhttp://koha.tu.koszalin.pl/cgi-bin/koha/opac-detail.pl?biblionumber=14116
_zKatalog online BPK
942 _2UKD
_cKS
999 _c14116
_d14116